000 00944nam a2200205Ia 4500
001 15855
003 GE_BSU
008 181216s||||||||xx |||||||||||||| ||und||
040 _cGE_BSU
080 _a821.353.1-31
100 _aხონელი,მოსე
245 _aამირან-დარეჯანიანი
245 _bწანართი: კაკაბაძე სარგის - ამირან-დარეჯანიანის შესახებ. - დანართი
245 _cსარგის კაკაბაძის რედაქციით
260 _aთბილისი
300 _a184გვ. ; 23სმ
300 _eდანართი: ლექსიკონი (გვ. 181-182). საკუთარ სახელების მაჩვენებელი (გვ. 183-184
653 _aამირან-დარეჯანიანი
942 _cBK
999 _c48952
_d48952